[Event "Florianopolis op 6th"]
[Site "Florianopolis"]
[Date "2020.01.23"]
[Round "6"]
[White "Medrano, Mario"]
[Black "Parreira, Teodora Ribeiro"]
[Result "1-0"]
[WhiteElo "2032"]
[BlackElo "1660"]
[PlyCount "51"]
[EventDate "2020.01.20"]
[EventType "swiss"]
[EventRounds "10"]
[EventCountry "BRA"]
[SourceTitle "CBM 194 Extra"]
[Source "ChessBase"]
[SourceDate "2020.03.31"]
[SourceVersion "1"]
[SourceVersionDate "2020.03.31"]
[SourceQuality "1"]

1. e4 c5 2. Nf3 Nc6 3. Nc3 g6 4. Bc4 Bg7 5. 0-0 e6 6. Re1 Nge7 7. e5 Nf5 8. d3 0-0 9. a4 d6 10. exd6 Qxd6 11. Ne4 Qe7 12. a5 a6 13. c3 Nd6 14. Bb3 Nxe4 15. Rxe4 Qc7 16. Rh4 h5 17. g4 hxg4 18. Ng5 Ne5 19. Rxg4 Nxg4 20. Qxg4 Re8 21. Be3 b6 22. axb6 Qxb6 23. Qf3 Qb7 24. Qh3 Qxb3 25. Bxc5 Qd5 26. Qh7# 1-0

[Event "Florianopolis op 6th"]
[Site "Florianopolis"]
[Date "2020.01.21"]
[Round "2"]
[White "Souza dos Santos, Matheus Garcett"]
[Black "Parreira, Teodora Ribeiro"]
[Result "1-0"]
[WhiteElo "1927"]
[BlackElo "1660"]
[PlyCount "53"]
[EventDate "2020.01.20"]
[EventType "swiss"]
[EventRounds "10"]
[EventCountry "BRA"]
[SourceTitle "CBM 194 Extra"]
[Source "ChessBase"]
[SourceDate "2020.03.31"]
[SourceVersion "1"]
[SourceVersionDate "2020.03.31"]
[SourceQuality "1"]

1. Nf3 Nf6 2. g3 g6 3. Bg2 Bg7 4. 0-0 0-0 5. d3 d5 6. Nbd2 c5 7. Re1 Nc6 8. e4 h6 9. Qe2 Bg4 10. c3 dxe4 11. dxe4 Ne5 12. h3 Bxf3 13. Nxf3 Nd3 14. Rd1 Nxc1 15. Raxc1 Qc7 16. e5 Nd7 17. e6 Nb6 18. Nh4 Bf6 19. exf7+ Rxf7 20. Nxg6 Kg7 21. Nf4 Qe5 22. Qg4+ Bg5 23. Re1 Qf5 24. Rxe7 Qxg4 25. Rxf7+ Kxf7 26. hxg4 Nc4 27. Bd5+ 1-0

[Event "South America-ch U14 Girls 16th"]
[Site "Buenos Aires"]
[Date "2019.12.03"]
[Round "4.4"]
[White "Scarsi, Anna Laura"]
[Black "Parreira, Teodora Ribeiro"]
[Result "1/2-1/2"]
[WhiteElo "1672"]
[BlackElo "1716"]
[PlyCount "99"]
[EventDate "2019.12.01"]
[EventType "swiss"]
[EventRounds "9"]
[EventCountry "ARG"]
[SourceTitle "EXT 2024"]
[Source "ChessBase"]
[SourceDate "2023.10.10"]
[SourceVersion "1"]
[SourceVersionDate "2023.10.10"]
[SourceQuality "1"]

1. e4 c5 2. Nf3 g6 3. d4 cxd4 4. Nxd4 Nc6 5. Be3 Bg7 6. c4 Nf6 7. Nc3 d6 8. Be2 Nxd4 9. Bxd4 0-0 10. 0-0 Qa5 11. Rc1 Bd7 12. f4 Bc6 13. Bf3 Rab8 14. b3 a6 15. Nd5 Nxd5 16. exd5 Bd7 17. Bxg7 Kxg7 18. Rf2 b5 19. Be2 Rbc8 20. Qd4+ Kg8 21. Rcf1 bxc4 22. Bxc4 Bb5 23. Bxb5 Qxb5 24. f5 Qc5 25. Qe4 Qa7 26. g3 Rce8 27. Kg2 Kg7 28. Qf4 f6 29. Re1 Rc8 30. Re6 Qb7 31. Qe4 Rfe8 32. Re2 Rc7 33. g4 g5 34. h3 Qb5 35. Kh2 Qc5 36. Qa4 Ra8 37. Rxe7+ Rxe7 38. Rxe7+ Kf8 39. Qe4 Qf2+ 40. Kh1 Qf1+ 41. Kh2 Qf2+ 42. Kh1 Rc8 43. Qe1 Qf3+ 44. Kg1 Qxh3 45. Re4 Kg7 46. Re7+ Kh6 47. Rxh7+ Kxh7 48. Qe7+ Kh8 49. Qxf6+ Kh7 50. Qf7+ 1/2-1/2

[Event "Sao Paulo op-B U2050 8th"]
[Site "Sao Paulo"]
[Date "2019.10.19"]
[Round "4"]
[White "Silva, Caio Henrique dos S"]
[Black "Parreira, Teodora Ribeiro"]
[Result "0-1"]
[WhiteElo "1838"]
[BlackElo "1688"]
[PlyCount "124"]
[EventDate "2019.10.17"]
[EventType "swiss"]
[EventRounds "6"]
[EventCountry "BRA"]
[SourceTitle "CBM 192 Extra"]
[Source "Chessbase"]
[SourceDate "2019.11.06"]
[SourceVersion "1"]
[SourceVersionDate "2019.11.06"]
[SourceQuality "1"]

1. e4 c5 2. Nf3 g6 3. d4 cxd4 4. Nxd4 Nc6 5. Nc3 Bg7 6. Be3 Nf6 7. Bc4 Qa5 8. 0-0 0-0 9. Bb3 d6 10. h3 Bd7 11. Qd2 Nxd4 12. Bxd4 Nxe4 13. Qe3 Nxc3 14. Bxg7 Kxg7 15. bxc3 Rae8 16. Rad1 Bc6 17. Kh1 Qc5 18. Qd2 Qf5 19. f3 a6 20. Rfe1 Bxf3 21. gxf3 Qxh3+ 22. Kg1 Qxf3 23. Qd4+ Kg8 24. Bd5 Qg3+ 25. Bg2 h5 26. Re3 Qg5 27. Qe4 Qc5 28. Qd4 Qc7 29. Qe4 b5 30. Qd3 Rd8 31. Rg3 Qc5+ 32. Kh1 Kh7 33. Qf3 e6 34. Rg1 Rc8 35. Qd3 h4 36. Rh3 Kg7 37. Rf1 Qe5 38. Rd1 d5 39. Re3 Qg5 40. Bh3 Rc4 41. Rg1 Qf6 42. Rf3 Rf4 43. Rgf1 Rxf3 44. Rxf3 Qg5 45. Qd4+ Kg8 46. Rf2 Qg3 47. Bg4 e5 48. Qd2 Qxg4 49. Qxd5 Qg3 50. Rg2 Qh3+ 51. Kg1 Qf5 52. Rf2 Qg5+ 53. Rg2 Rd8 54. Qxf7+ Kxf7 55. Rxg5 Rd1+ 56. Kg2 Kf6 57. Rg4 Rd2+ 58. Kh3 g5 59. c4 Rxc2 60. cxb5 axb5 61. Rb4 Rc3+ 62. Kg4 Rc4+ 0-1

[Event "Niteroi op 1st"]
[Site "Niteroi"]
[Date "2019.09.06"]
[Round "5"]
[White "Parreira, Teodora Ribeiro"]
[Black "Deus Filho, Joaquim"]
[Result "1/2-1/2"]
[WhiteElo "1575"]
[BlackElo "1848"]
[PlyCount "100"]
[EventDate "2019.09.04"]
[EventType "swiss"]
[EventRounds "7"]
[EventCountry "BRA"]
[SourceTitle "EXT 2020"]
[Source "ChessBase"]
[SourceDate "2019.10.17"]
[SourceVersion "1"]
[SourceVersionDate "2019.10.17"]
[SourceQuality "1"]

1. e4 Nc6 2. Nf3 d5 3. exd5 Qxd5 4. Nc3 Qa5 5. d4 Bg4 6. Be2 0-0-0 7. Be3 e6 8. 0-0 Nf6 9. a3 Qh5 10. h3 Bxf3 11. Bxf3 Qh4 12. Bxc6 bxc6 13. Qf3 Kb7 14. b4 Nd5 15. Nxd5 exd5 16. c4 f6 17. b5 Qe4 18. bxc6+ Kxc6 19. cxd5+ Qxd5 20. Rfc1+ Kd6 21. Bf4+ Ke6 22. Rc6+ Kf7 23. Rxc7+ Be7 24. Re1 Rhe8 25. Qxd5+ Rxd5 26. Rxa7 Rxd4 27. Be3 Re4 28. a4 Kg6 29. Ra1 f5 30. a5 f4 31. Bd2 Bc5 32. Rd7 Bd4 33. Rd1 Bf6 34. a6 Ra8 35. a7 Ra4 36. Rb1 R8xa7 37. Rxa7 Rxa7 38. Bxf4 Ra1 39. Rxa1 Bxa1 40. Kh2 Kf5 41. Kg3 g5 42. Bc7 h5 43. h4 g4 44. f3 gxf3 45. gxf3 Bc3 46. Kh3 Be1 47. Bg3 Bc3 48. Kg2 Bd4 49. Kf1 Ba1 50. Ke2 Bb2 1/2-1/2

[Event "Niteroi op 1st"]
[Site "Niteroi"]
[Date "2019.09.06"]
[Round "4"]
[White "Souza Jr, Helemberg Cubica De"]
[Black "Parreira, Teodora Ribeiro"]
[Result "1/2-1/2"]
[WhiteElo "1742"]
[BlackElo "1575"]
[PlyCount "70"]
[EventDate "2019.09.04"]
[EventType "swiss"]
[EventRounds "7"]
[EventCountry "BRA"]
[SourceTitle "EXT 2020"]
[Source "ChessBase"]
[SourceDate "2019.10.17"]
[SourceVersion "1"]
[SourceVersionDate "2019.10.17"]
[SourceQuality "1"]

1. e4 c5 2. Nf3 g6 3. d4 cxd4 4. Nxd4 Nc6 5. Be3 Nf6 6. Nc3 Bg7 7. f3 0-0 8. Qd2 d5 9. Nxd5 Nxd5 10. exd5 Nxd4 11. Bxd4 Qxd5 12. Bxg7 Qxd2+ 13. Kxd2 Kxg7 14. Bc4 Rd8+ 15. Ke2 Bf5 16. Bb3 Rac8 17. c3 h5 18. Rad1 Kf6 19. h4 Be6 20. Bxe6 Kxe6 21. g4 Rxd1 22. Rxd1 Rh8 23. g5 Rc8 24. Rd4 Rc5 25. Kd3 Rd5 26. Ke4 Rxd4+ 27. cxd4 Kd6 28. d5 e6 29. dxe6 Kxe6 30. a4 Kd6 31. b4 Ke6 32. f4 f5+ 33. Kd4 Kd6 34. b5 b6 35. Kc4 Ke6 1/2-1/2

[Event "Sao Paulo Karman Cup"]
[Site "Sao Paulo"]
[Date "2019.08.16"]
[Round "1"]
[White "Ferreira Brandet, Rodrigo Maycon Mira"]
[Black "Parreira, Teodora Ribeiro"]
[Result "1-0"]
[WhiteElo "1864"]
[BlackElo "1567"]
[PlyCount "67"]
[EventDate "2019.08.16"]
[EventType "swiss"]
[EventRounds "6"]
[EventCountry "BRA"]
[SourceTitle "EXT 2020"]
[Source "ChessBase"]
[SourceDate "2019.10.17"]
[SourceVersion "1"]
[SourceVersionDate "2019.10.17"]
[SourceQuality "1"]

1. e4 c5 2. e5 Nc6 3. f4 d6 4. Nf3 dxe5 5. fxe5 Qc7 6. Bb5 Bd7 7. 0-0 Nh6 8. d3 g6 9. Bf4 Bg7 10. Qd2 g5 11. Bxg5 Ng4 12. Bxc6 Bxc6 13. Qf4 Bxf3 14. Rxf3 Nxe5 15. Rg3 Nf3+ 16. Qxf3 Bxb2 17. Nc3 Bxa1 18. Nd5 Qe5 19. Kf1 Rd8 20. c4 Rd7 21. Bf4 Qb2 22. Qe4 Qb1+ 23. Ke2 Qc2+ 24. Bd2 Kd8 25. Qf4 e5 26. Qf6+ Kc8 27. Qxh8+ Rd8 28. Rg8 Qxd3+ 29. Kxd3 e4+ 30. Kxe4 Bxh8 31. Rxd8+ Kxd8 32. Bc3 Bxc3 33. Nxc3 a6 34. Kd5 1-0

[Event "Pan American-ch U14 Girls"]
[Site "Guayaquil"]
[Date "2019.07.24"]
[Round "5"]
[White "Suarez Ardila, Luisa Maria"]
[Black "Parreira, Teodora Ribeiro"]
[Result "0-1"]
[WhiteElo "1571"]
[BlackElo "1567"]
[PlyCount "68"]
[EventDate "2019.07.21"]
[EventType "swiss"]
[EventRounds "9"]
[EventCountry "ECU"]
[SourceTitle "EXT 2020"]
[Source "ChessBase"]
[SourceDate "2019.10.17"]
[SourceVersion "1"]
[SourceVersionDate "2019.10.17"]
[SourceQuality "1"]

1. e4 c5 2. Nc3 g6 3. d4 cxd4 4. Qxd4 Nf6 5. Nf3 Nc6 6. Qd1 Bg7 7. Be2 0-0 8. 0-0 d6 9. a3 h6 10. h4 Be6 11. Nh2 d5 12. exd5 Nxd5 13. Nxd5 Bxd5 14. Ng4 Kh7 15. Bd3 h5 16. Ne3 Be6 17. Qxh5+ Kg8 18. Qd1 Ne5 19. Be2 Qxd1 20. Rxd1 Rac8 21. f4 Nc6 22. c3 Na5 23. h5 gxh5 24. Bxh5 Nb3 25. Rb1 Bh6 26. g3 Rfd8 27. Re1 Kf8 28. Bg4 Rc6 29. Bf3 Rc7 30. Nf1 Bf5 31. Be3 Bxb1 32. Rxb1 b6 33. Nh2 Bg7 34. Nf1 Rcd7 0-1

[Event "Pan American-ch U14 Girls"]
[Site "Guayaquil"]
[Date "2019.07.24"]
[Round "6"]
[White "Vega Paucar, Emely Bachellet"]
[Black "Parreira, Teodora Ribeiro"]
[Result "1/2-1/2"]
[WhiteElo "1700"]
[BlackElo "1567"]
[PlyCount "77"]
[EventDate "2019.07.21"]
[EventType "swiss"]
[EventRounds "9"]
[EventCountry "ECU"]
[SourceTitle "EXT 2020"]
[Source "ChessBase"]
[SourceDate "2019.10.17"]
[SourceVersion "1"]
[SourceVersionDate "2019.10.17"]
[SourceQuality "1"]

1. e4 c5 2. Nf3 g6 3. d4 cxd4 4. Nxd4 Nc6 5. Be3 Bg7 6. c4 Nf6 7. Nc3 d6 8. Be2 Nxd4 9. Bxd4 0-0 10. 0-0 Qa5 11. Rc1 Be6 12. f3 Rfc8 13. b3 a6 14. Qd2 b5 15. cxb5 axb5 16. Bxb5 Rxc3 17. Rxc3 Qxb5 18. Rfc1 Qa5 19. R1c2 h6 20. Qe3 Nd7 21. Bxg7 Kxg7 22. h3 Qa7 23. Kf2 Kf6 24. f4 Qxe3+ 25. Kxe3 Rb8 26. Rd2 Rb5 27. Rd4 Nc5 28. Rd2 h5 29. Kf3 Kg7 30. Rd4 Na6 31. Re3 Nb4 32. Re2 Nc6 33. Rd3 Kf8 34. Red2 Ke8 35. Rc3 Rb6 36. Rcd3 Rb5 37. Rc3 Rb6 38. Rb2 Kd7 39. Rd2 1/2-1/2

[Event "Sao Paulo STD Gansl op"]
[Site "Sao Paulo"]
[Date "2019.05.26"]
[Round "6"]
[White "Parreira, Teodora Ribeiro"]
[Black "Borger, David Lupovici"]
[Result "0-1"]
[WhiteElo "1649"]
[BlackElo "1410"]
[PlyCount "142"]
[EventDate "2019.05.24"]
[EventType "swiss"]
[EventRounds "6"]
[EventCountry "BRA"]
[SourceTitle "CBM 190 Extra"]
[Source "ChessBase"]
[SourceDate "2019.07.15"]
[SourceVersion "1"]
[SourceVersionDate "2019.07.15"]
[SourceQuality "1"]

1. e4 c5 2. Nf3 a6 3. d4 cxd4 4. Nxd4 Nf6 5. Nc3 e5 6. Nb3 Bb4 7. Qf3 Qc7 8. Bd2 d6 9. h3 b5 10. a3 Bxc3 11. Bxc3 Bb7 12. Bd3 d5 13. exd5 Bxd5 14. Qg3 0-0 15. 0-0 Nbd7 16. Nd4 Ne4 17. Bxe4 Bxe4 18. Rac1 Rac8 19. Nf3 f6 20. Rfe1 Bf5 21. Nh4 Be6 22. Qd3 Nc5 23. Qe3 Rfd8 24. Bb4 a5 25. Bxc5 Qxc5 26. Qxc5 Rxc5 27. Nf3 Rdc8 28. c3 b4 29. axb4 axb4 30. Re3 Ra8 31. Ree1 Ra2 32. cxb4 Rxc1 33. Rxc1 Rxb2 34. Rc6 Bd7 35. Rb6 Kf7 36. Kf1 Ke7 37. Ne1 Kd8 38. Nd3 Rb1+ 39. Ke2 Kc7 40. Ra6 Bb5 41. Ra5 Rxb4 42. Ke3 Rb3 43. Rxb5 Rxb5 44. f4 Kd6 45. Ke4 Rb3 46. fxe5+ fxe5 47. h4 g6 48. g3 Rb5 49. Nf2 Rb4+ 50. Kf3 Ke6 51. Ne4 h5 52. Ke3 Rb3+ 53. Kf2 Kf5 54. Nd6+ Kg4 55. Ne4 Rf3+ 56. Kg2 Rf8 57. Nf2+ Rxf2+ 58. Kxf2 e4 59. Ke3 Kxg3 60. Kxe4 Kxh4 61. Kf3 g5 62. Kg2 g4 63. Kh2 g3+ 64. Kg2 Kg4 65. Kg1 Kf3 66. Kh1 g2+ 67. Kg1 h4 68. Kh2 Kf2 69. Kh3 g1Q 70. Kxh4 Qg6 71. Kh3 Qg3# 0-1

[Event "Sao Paulo STD Gansl op"]
[Site "Sao Paulo"]
[Date "2019.05.24"]
[Round "2"]
[White "Seccafim, Caic Dos Santos"]
[Black "Parreira, Teodora Ribeiro"]
[Result "1-0"]
[WhiteElo "1892"]
[BlackElo "1649"]
[PlyCount "62"]
[EventDate "2019.05.24"]
[EventType "swiss"]
[EventRounds "6"]
[EventCountry "BRA"]
[SourceTitle "CBM 190 Extra"]
[Source "ChessBase"]
[SourceDate "2019.07.15"]
[SourceVersion "1"]
[SourceVersionDate "2019.07.15"]
[SourceQuality "1"]

1. e4 c5 2. Nf3 g6 3. g3 Bg7 4. c3 Nc6 5. Bg2 d6 6. 0-0 e5 7. d3 Nge7 8. a3 0-0 9. b4 h6 10. Be3 b6 11. Qd2 Kh7 12. Nh4 Be6 13. f4 exf4 14. gxf4 cxb4 15. f5 gxf5 16. exf5 Bxc3 17. Nxc3 bxc3 18. Qc2 Bd5 19. f6 Bxg2 20. fxe7 Qxe7 21. Nxg2 Rg8 22. d4+ Kh8 23. Rf3 Rg6 24. Re1 Rag8 25. Re2 Qh4 26. Kh1 Rxg2 27. Rxg2 Qe1+ 28. Bg1 Nxd4 29. Rxg8+ Kxg8 30. Qg2+ Kf8 31. Rf1 Qe3 1-0

[Event "BRA-ch U14 Girls"]
[Site "Florianopolis"]
[Date "2019.04.21"]
[Round "6"]
[White "Parreira, Teodora Ribeiro"]
[Black "Da Silva, Isabela Ferreira Lu"]
[Result "1-0"]
[WhiteElo "1654"]
[BlackElo "1286"]
[PlyCount "95"]
[EventDate "2019.04.18"]
[EventType "swiss"]
[EventRounds "6"]
[EventCountry "BRA"]
[SourceTitle "CBM 190 Extra"]
[Source "ChessBase"]
[SourceDate "2019.07.15"]
[SourceVersion "1"]
[SourceVersionDate "2019.07.15"]
[SourceQuality "1"]

1. e4 c5 2. Nf3 e6 3. d3 d6 4. g3 Nf6 5. Bg2 Be7 6. 0-0 Nc6 7. c3 a6 8. Re1 Qc7 9. d4 cxd4 10. cxd4 Nd7 11. Nc3 0-0 12. Qe2 Bf6 13. Be3 Rb8 14. a4 b6 15. Rac1 Qd8 16. d5 exd5 17. Nxd5 Nde5 18. Nd2 Na7 19. a5 Nd7 20. b4 Nb5 21. Nxb6 Nd4 22. Bxd4 Bxd4 23. Nxc8 Rxc8 24. Qxa6 Rxc1 25. Rxc1 Qf6 26. Nf3 Bxf2+ 27. Kf1 Bd4 28. Rd1 Ne5 29. Ke2 Nxf3 30. Bxf3 Rd8 31. Qd3 Bc3 32. Rb1 h6 33. a6 Qd4 34. Qxd4 Bxd4 35. b5 Bb6 36. Rc1 Bc5 37. Rxc5 dxc5 38. b6 c4 39. b7 c3 40. a7 c2 41. b8Q c1Q 42. Qxd8+ Kh7 43. a8Q Qc4+ 44. Qd3 Qc5 45. e5+ g6 46. Qe8 Qg1 47. Qxf7+ Kh8 48. Qd8# 1-0

[Event "Paulista-ch (Women)"]
[Site "Sao Paulo"]
[Date "2018.10.13"]
[Round "3.1"]
[White "Parreira, Teodora Ribeiro"]
[Black "Bonfim, Regina Rodrigues"]
[Result "1/2-1/2"]
[WhiteElo "1581"]
[BlackElo "1729"]
[PlyCount "65"]
[EventDate "2018.10.12"]
[EventType "tourn"]
[EventRounds "6"]
[EventCountry "BRA"]
[SourceTitle "EXT 2021"]
[Source "ChessBase"]
[SourceDate "2020.10.23"]
[SourceVersion "1"]
[SourceVersionDate "2020.10.23"]
[SourceQuality "1"]

1. e4 e5 2. Nf3 Qe7 3. Bc4 c6 4. 0-0 d6 5. d4 Bg4 6. dxe5 dxe5 7. h3 Bxf3 8. Qxf3 Nd7 9. Nd2 Ngf6 10. a4 g6 11. Re1 Bg7 12. c3 0-0 13. Qd3 Rad8 14. Qc2 Nb6 15. Bb3 Nbd7 16. Nf3 Nc5 17. Bc4 h6 18. b4 Ncd7 19. Be3 b6 20. Rad1 c5 21. b5 Nb8 22. Bf1 Rfe8 23. Nd2 Rd7 24. Nc4 Red8 25. Rxd7 Rxd7 26. Bd3 Ne8 27. Rd1 Qd8 28. Be2 Nd6 29. Qc1 Nxc4 30. Rxd7 Qxd7 31. Bxc4 h5 32. Qd2 Qxd2 33. Bxd2 1/2-1/2

[Event "Sao Paulo Karman Cup"]
[Site "Sao Paulo"]
[Date "2018.08.12"]
[Round "5"]
[White "De Albuquelque, Gabriel Tenorio"]
[Black "Parreira, Teodora Ribeiro"]
[Result "0-1"]
[WhiteElo "1609"]
[BlackElo "1621"]
[PlyCount "146"]
[EventDate "2018.08.10"]
[EventType "swiss"]
[EventRounds "6"]
[EventCountry "BRA"]
[SourceTitle "CBM 186 Extra"]
[Source "ChessBase"]
[SourceDate "2018.08.24"]
[SourceVersion "1"]
[SourceVersionDate "2018.08.24"]
[SourceQuality "1"]

1. d4 Nf6 2. Bf4 g6 3. Nf3 Bg7 4. e3 0-0 5. Nbd2 d6 6. c3 Nfd7 7. h4 e5 8. dxe5 dxe5 9. Bg3 a6 10. Qc2 Qe7 11. Ne4 Nc5 12. Nxc5 Qxc5 13. h5 Bg4 14. hxg6 hxg6 15. Qe4 Bxf3 16. gxf3 Qc6 17. Qh4 Re8 18. 0-0-0 Nd7 19. Bc4 Nf6 20. Bb3 b5 21. Qg5 Qxf3 22. Bxe5 Ne4 23. Bxf7+ Qxf7 24. Qh4 Rxe5 25. f3 Nf6 26. Qd4 Rd5 27. Qf4 Rxd1+ 28. Rxd1 Rc8 29. Rg1 Qe8 30. e4 Nh5 31. Qg4 Kh7 32. Rh1 Bh6+ 33. Kb1 Rd8 34. Rg1 Qf7 35. e5 Qf5+ 36. Qxf5 gxf5 37. Kc2 Rd2+ 38. Kb3 Re2 39. Rd1 Rxe5 40. Rd7+ Kg6 41. Rxc7 Re6 42. c4 bxc4+ 43. Kxc4 Rb6 44. b3 Be3 45. a4 a5 46. Re7 Rb4+ 47. Kc3 Bd4+ 48. Kc2 Nf4 49. Re8 Rb7 50. Ra8 Ra7 51. Rb8 Bc5 52. Kc3 Bb4+ 53. Kd4 Rd7+ 54. Kc4 Nd3 55. Rg8+ Kf7 56. Rg5 Kf6 57. Rh5 Ne5+ 58. Kb5 Nxf3 59. Kc6 Rd6+ 60. Kc7 Kg6 61. Rh3 Ng5 62. Rh4 Ne6+ 63. Kb7 Nc5+ 64. Kc7 Nxb3 65. Rxb4 axb4 66. Kxd6 Na5 67. Kc5 b3 68. Kb5 b2 69. Kxa5 b1Q 70. Ka6 Kf7 71. a5 Ke7 72. Ka7 Kd7 73. a6 Kc7 0-1

[Event "Pan American-ch U12 Girls"]
[Site "Santiago de Chile"]
[Date "2018.07.25"]
[Round "5"]
[White "Parreira, Teodora Ribeiro"]
[Black "Contreras Huaman, Fiorella Daiana"]
[Result "0-1"]
[WhiteElo "1621"]
[BlackElo "1646"]
[PlyCount "102"]
[EventDate "2018.07.22"]
[EventType "swiss"]
[EventRounds "9"]
[EventCountry "CHI"]
[SourceTitle "EXT 2022"]
[Source "ChessBase"]
[SourceDate "2021.10.06"]
[SourceVersion "1"]
[SourceVersionDate "2021.10.06"]
[SourceQuality "1"]

1. e4 c6 2. d3 d5 3. Nd2 e5 4. Ngf3 Bd6 5. g3 Nf6 6. Bg2 0-0 7. 0-0 Re8 8. Re1 Qc7 9. c3 dxe4 10. dxe4 Nbd7 11. Nc4 Bf8 12. Qe2 b5 13. Ncd2 Nb6 14. b3 a5 15. Bb2 a4 16. b4 c5 17. a3 c4 18. Rad1 Bb7 19. Nh4 g6 20. Nf1 Rad8 21. Bc1 Rxd1 22. Rxd1 Rd8 23. Rxd8 Qxd8 24. Bg5 h6 25. Bxf6 Qxf6 26. Ne3 Qd6 27. Qd1 Qxd1+ 28. Nxd1 h5 29. Kf1 Bh6 30. Ne3 Bxe3 31. fxe3 Nd7 32. Ke1 Nf6 33. Bf3 Bxe4 34. Ke2 Bxf3+ 35. Nxf3 Ne4 36. Nxe5 Nxc3+ 37. Kd2 Ne4+ 38. Kc2 Kf8 39. Nc6 Ke8 40. Nd4 Nd6 41. h4 Ke7 42. Nc6+ Ke6 43. Kd1 Kf5 44. Ke2 Kg4 45. Kf2 Ne4+ 46. Kg2 Nc3 47. Ne5+ Kf5 48. Nxf7 Ne4 49. Nh6+ Ke6 50. Kf3 c3 51. Ke2 c2 0-1

[Event "Pan American-ch U12 Girls"]
[Site "Santiago de Chile"]
[Date "2018.07.23"]
[Round "3"]
[White "Parreira, Teodora Ribeiro"]
[Black "Suarez Ardila, Luisa Maria"]
[Result "1-0"]
[WhiteElo "1621"]
[BlackElo "1475"]
[PlyCount "151"]
[EventDate "2018.07.22"]
[EventType "swiss"]
[EventRounds "9"]
[EventCountry "CHI"]
[SourceTitle "EXT 2022"]
[Source "ChessBase"]
[SourceDate "2021.10.06"]
[SourceVersion "1"]
[SourceVersionDate "2021.10.06"]
[SourceQuality "1"]

1. e4 c5 2. Nf3 g6 3. d4 cxd4 4. Nxd4 Nc6 5. Nc3 Bg7 6. Be3 Nf6 7. Be2 0-0 8. 0-0 d6 9. a3 a5 10. Rb1 Bd7 11. h3 Nxd4 12. Bxd4 Bc6 13. Bd3 Nd7 14. Bxg7 Kxg7 15. Kh1 Nc5 16. Qe2 Qd7 17. Bc4 Rab8 18. b4 axb4 19. axb4 Na4 20. Nxa4 b5 21. Bxf7 Rxf7 22. Nc3 Rbf8 23. Kg1 e6 24. Rbd1 d5 25. exd5 exd5 26. Qe5+ Kg8 27. Nxd5 Qa7 28. Qe3 Bxd5 29. Qxa7 Rxa7 30. Rxd5 Rb8 31. Rfd1 Raa8 32. Rc5 Ra4 33. Rd4 Rb7 34. Rf4 Kg7 35. h4 Ra6 36. g4 Ra3 37. Kg2 Ra4 38. h5 Ra6 39. Kh3 Ra3+ 40. Kh4 Ra1 41. Rf3 Rb1 42. c3 Rh1+ 43. Rh3 Rf1 44. Rf3 Rh1+ 45. Kg3 Rg1+ 46. Kh3 Rh1+ 47. Kg2 Rd1 48. hxg6 hxg6 49. g5 Rd6 50. Re3 Kf7 51. Ree5 Rdb6 52. Kf3 Kg7 53. Ke4 Kf7 54. f4 Rb8 55. Rc7+ Kf8 56. Ree7 Kg8 57. Ke5 Rd8 58. Re6 Rbb8 59. Rxg6+ Kh8 60. Rd6 Re8+ 61. Re6 Red8 62. g6 Rd2 63. Kf6 Rf2 64. f5 Rf8+ 65. Rf7 Rd8 66. Ke7 Rc8 67. Kd7 Ra8 68. Re8+ Rxe8 69. Kxe8 Rf3 70. Kf8 Rxf5 71. g7+ Kh7 72. g8Q+ Kh6 73. Qg7+ Kh5 74. Rxf5+ Kh4 75. Rf6 Kh5 76. Rh6# 1-0